Blue Butterflies - Statistics

General Stats
  • This quiz has been taken 15 times
  • The average score is 7 of 9
Answer Stats
Picture Answer % Correct
Common Blue
100%
Large Blue
100%
Adonis Blue
88%
Chalkhill Blue
88%
Holly Blue
88%
Small Blue
75%
Brown Argus
63%
Northern Brown Argus
50%
Silver Studded Blue
50%
No matching quizzes found
Score Distribution
Percent of People with Each Score
Percentile by Number Answered
Your Score History
You have not taken this quiz